000 00734nam2a2200205 4500
001 RU\NLR\PER_A\003157240_000500
005 20250626124922.0
035 _a(NLR Aleph) 011765652
090 _a11700026
_c11700026
100 _a20180808d2018 |||y0rusy50 ca
101 0 _arus
102 _aRU
200 0 _a2018, № 1 (27)
210 _d2018
_aБ. м.
461 0 _1001RU\NLR\Per\696853
_12001#$aМеждународный аэропорт Якутск$eжурнал$v2018, № 1 (27)
_93066933
_cЯкутск
_d2010 -
_nАнжелика Дружина
_oжурнал
_tМеждународный аэропорт Якутск
_v2018, № 1 (27)
852 _aNLR
_jП23/7981
942 _cISSUE
980 _aNB
980 _aRUSPER